000 00724nam a2200301 a 4500
003 AR-BaBNM
005 20251128203139.0
008 082120s2002 ||||||||||||||000 | spa||
040 _cAR-BaBNM
100 1 _aCarre, Jean-Marie
245 0 0 _aVida de Rimbaud
260 _aBuenos Aires
_bLa Pleyade
_c1974
300 _a191 p.
650 4 _aBIOGRAFIAS
650 4 _aPOESIA
650 4 _aLITERATURA FRANCESA
650 4 _aSIGLO DIECINUEVE
650 4 _aCRITICA LITERARIA
650 4 _aVIDA LITERARIA
650 4 _aATEISMO
650 4 _aCATOLICISMO
653 _aINFLUENCIA CLASICA
653 _aSIMBOLISMO
655 _aBIOGRAFIAS
700 1 _aCoin, Judith
_etraductor
942 _cBK
998 _cMARTIN
999 _c2131
_d2131